000 00580nam a22002177a 4500
003 UA-OsUOA
001 60050
007 ta
008 20090506b un ||||| |||| 00| 0 ukr d
100 _aВарламлва Н.В.
090 _a34
_bВ18
942 _cSA
040 _aUA-OsUOA
_brus
_cUA-OsUOA
_dUA-OsUOA
245 _aПрава человека как предмет юридической интерпритации
300 _aС.24-30
955 _a0
041 _arus
080 _a34
773 0 _w60049
650 7 _a34 Право. Юриспруденція
_2UDC
999 _c346092
_d346092